Normal view
MARC view
- ANU N.K
Entry Personal Name
001 - CONTROL NUMBER
- control field: 3427
003 - CONTROL NUMBER IDENTIFIER
- control field: OSt
005 - DATE AND TIME OF LATEST TRANSACTION
- control field: 20180928144510.0
008 - FIXED-LENGTH DATA ELEMENTS
- fixed length control field: 180928|| aca||aabn | a|a d
040 ## - CATALOGING SOURCE
- Original cataloging agency: OSt
- Transcribing agency: OSt
100 ## - HEADING--PERSONAL NAME
- Personal name: ANU N.K
670 ## - SOURCE DATA FOUND
- Source citation: Work cat.: (OSt)14931: ANU N.K LITTLE PRINCE NIMMI P.V, Development and performance evaluation of nutmeg sheller
